HIV vaccine handbook. / (Record no. 9277)
[ view plain ]
| 000 -LEADER | |
|---|---|
| fixed length control field | 02582cam a22002894a 4500 |
| 001 - CONTROL NUMBER | |
| control field | 12475212 |
| 003 - CONTROL NUMBER IDENTIFIER | |
| control field | OSt |
| 005 - DATE AND TIME OF LATEST TRANSACTION | |
| control field | 20221011115901.0 |
| 008 - FIXED-LENGTH DATA ELEMENTS--GENERAL INFORMATION | |
| fixed length control field | 010518s2001 sz a bf i000 0 eng d |
| 020 ## - INTERNATIONAL STANDARD BOOK NUMBER | |
| International Standard Book Number | 0967801400 |
| 040 ## - CATALOGING SOURCE | |
| Transcribing agency | LC |
| 042 ## - AUTHENTICATION CODE | |
| Authentication code | pcc |
| 043 ## - GEOGRAPHIC AREA CODE | |
| Geographic area code | f------ |
| 050 00 - LIBRARY OF CONGRESS CALL NUMBER | |
| Classification number | QR414.6.H58.H91 |
| 245 02 - TITLE STATEMENT | |
| Title | HIV vaccine handbook. / |
| Statement of responsibility, etc. | [edited by] Bill Snow |
| 260 ## - PUBLICATION, DISTRIBUTION, ETC. | |
| Place of publication, distribution, etc. | Washington: |
| Name of publisher, distributor, etc. | AIDS Vaccine Advocacy Coalition, |
| Date of publication, distribution, etc. | 1999. |
| 300 ## - PHYSICAL DESCRIPTION | |
| Extent | xix, 289 p. : |
| Other physical details | ill. ; |
| Dimensions | 30 cm. |
| 440 #0 - SERIES STATEMENT/ADDED ENTRY--TITLE | |
| Title | UNAIDS best practice collection. |
| Name of part/section of a work | Key material |
| 9 (RLIN) | 614 |
| 504 ## - BIBLIOGRAPHY, ETC. NOTE | |
| Bibliography, etc. note | Includes bibliographical references [p. 255 - 256)] and index. |
| 505 0# - FORMATTED CONTENTS NOTE | |
| Formatted contents note | Contents: Background: Timeline -- Why we need AIDS vaccine activism -- Working with communities: 1991 -- Vaccine vs. cure: an HIV-positive perspective -- Experimental science -- Participant issues: A discussion of community concerns -- Consenting adults -- The phases of clinical trials -- Efficacy trials -- Working with communities: 1992 -- Vaccine preparedness studies -- Vaccine scientists -- Is it safe? -- Government regulation of vaccine trials -- HIV vaccines and human rights -- Social, ethical and political considerations, AIDS action foundation working group -- Social harms: NIAID's approach, division, division of AIDS, NIAID -- Securing participant rights in the United States -- Participant's bill of rights, HIVNET National Community Advisory Board -- Post-exposure prophylaxis and vaccine trial participation -- Vaccine trial participation -- Vaccine trials and black Americans -- Women and other socially or economically vulnerable groups -- Ethics of international trials: UNAIDS consultation -- Advocacy: How long it takes -- Plenary address: vaccine advocates forum -- Community advisory boards -- Stages of development -- The HIV vaccine pipeline -- Private-sector AIDS vaccine research in disorder, AVAC -- Report finds Clinton's 10-year goal in jeopardy, AVAC -- Approaches: Vaccine basics -- Human immunodeficiency virus (HIV-1) -- Vaccine approaches currently in development -- Monkey trials: animal studies for AIDS vaccines -- VaxGen: pushing the envelope -- National institutes of health: ALVAC prime and boost -- The alphabeticals: non-profits that support AIDS vaccines -- Attenuated HIV: Mad doctors an dmedia -- Vancouver debates -- |
| 650 #0 - SUBJECT ADDED ENTRY--TOPICAL TERM | |
| Topical term or geographic name entry element | AIDS vaccines |
| 9 (RLIN) | 615 |
| 650 #0 - SUBJECT ADDED ENTRY--TOPICAL TERM | |
| Topical term or geographic name entry element | AIDS (Disease) |
| 9 (RLIN) | 616 |
| 700 1# - ADDED ENTRY--PERSONAL NAME | |
| Personal name | Snow, Bill. |
| 9 (RLIN) | 617 |
| 906 ## - LOCAL DATA ELEMENT F, LDF (RLIN) | |
| a | 7 |
| b | cbc |
| c | copycat |
| d | 2 |
| e | ncip |
| f | 20 |
| g | y-gencatlg |
| 942 ## - ADDED ENTRY ELEMENTS (KOHA) | |
| Source of classification or shelving scheme | Library of Congress Classification |
| Koha item type | Books |
| Withdrawn status | Lost status | Source of classification or shelving scheme | Damaged status | Not for loan | Home library | Current library | Shelving location | Date acquired | Full call number | Barcode | Date last seen | Price effective from | Koha item type |
|---|---|---|---|---|---|---|---|---|---|---|---|---|---|
| Library of Congress Classification | WISCONSIN INTERNATIONAL UNIVERSITY COLLEGE, GHANA KUMASI LIBRARY | WISCONSIN INTERNATIONAL UNIVERSITY COLLEGE, GHANA KUMASI LIBRARY | nursing | 27/06/2019 | QR414.6.H58.H67 | KSN/151/19 | 11/10/2022 | 11/10/2022 | Books |
